| 000 | 00521nam a2200205 4500 | ||
|---|---|---|---|
| 005 | 20240827123646.0 | ||
| 008 | 240822b |||||||| |||| 00| 0 eng d | ||
| 020 |
_a9788193882986 _cRs. 1280.00 |
||
| 040 | _aMAIN | ||
| 082 |
_a370.1 _bM687P |
||
| 100 | _aMishra, Anil Dutta. ed. | ||
| 245 | _aPhilosophy of education | ||
| 260 |
_aNew delhi _bRegal Publications _c2020 |
||
| 300 | _ax, 232 | ||
| 650 | _aEducation Philosophy | ||
| 700 | _aTater, Sohan Raj, ed. | ||
| 942 | _cBK | ||
| 942 | _cBK | ||
| 999 |
_c356556 _d356556 |
||